[Event "DEM U12/U12w 2006"]
[Site "Willingen GER"]
[Date "2006.06.08"]
[Round "8"]
[White "Wang, Zhangxian"]
[Black "Hager, Joshua Aarash"]
[Result "0-1"]
[Termination "normal"]
[Board "1"]
[WhiteElo "1998"]
[BlackElo "1872"]
[PlyCount "86"]
[BlackFideId "24642789"]
[EventCountry "GER"]
[EventRounds "11"]
[EventType "swiss"]
[EventDate "2006.06.03"]

1. e4 c5 2. Nf3 d6 3. d4 cxd4 4. Nxd4 Nf6 5. Nc3 g6 6. Be3 Bg7 7. f3 O-O 8. Qd2
Nc6 9. Bc4 Bd7 10. O-O-O Rb8 11. h4 b5 12. Bb3 a5 13. Ndxb5 a4 14. Bxa4 Qa5 15.
Bb3 Rxb5 16. Nxb5 Qxb5 17. h5 Na5 18. Qd3 Nxb3+ 19. Qxb3 Qxb3 20. cxb3 Nxh5 21.
g4 Nf6 22. Bd4 Be6 23. Rd3 Nd7 24. Bxg7 Kxg7 25. Rc3 Ra8 26. Kb1 Ne5 27. Rf1
Rc8 28. Rxc8 Bxc8 29. Kc2 Ba6 30. Rf2 Nd3 31. Rd2 Ne1+ 32. Kc3 Nxf3 33. Rd5 Bb7
34. a4 Bxd5 35. exd5 h5 36. gxh5 gxh5 37. a5 h4 38. a6 h3 39. a7 h2 40. a8=Q
h1=Q 41. Qb7 Qc1+ 42. Kb4 Qc5+ 43. Ka4 Nd4 0-1

[Event "DEM U12/U12w 2006"]
[Site "Willingen GER"]
[Date "2006.06.08"]
[Round "8"]
[White "Zimmermann, Gordon"]
[Black "Sarchisov, Slavik"]
[Result "0-1"]
[Termination "normal"]
[Board "2"]
[WhiteElo "1920"]
[BlackElo "1695"]
[PlyCount "68"]
[WhiteFideId "24624330"]
[BlackFideId "24647888"]
[EventCountry "GER"]
[EventRounds "11"]
[EventType "swiss"]
[EventDate "2006.06.03"]

1. e4 d6 2. d4 Nf6 3. Nc3 g6 4. f4 Bg7 5. Nf3 O-O 6. Bd3 Na6 7. a3 c5 8. d5 Bg4
9. h3 Bxf3 10. Qxf3 Nc7 11. g4 e6 12. g5 Nh5 13. O-O Qd7 14. Nd1 b5 15. Ne3
exd5 16. exd5 c4 17. Be2 Bd4 18. c3 Bb6 19. Kh2 Rfe8 20. Ng4 Nxd5 21. Nh6+ Kg7
22. f5 Ndf4 23. Bd1 Nd3 24. fxg6 fxg6 25. Qf7+ Qxf7 26. Rxf7+ Kh8 27. Bf3 Rab8
28. Rd7 Ne5 29. Nf7+ Nxf7 30. Rxf7 Re1 31. Bxh5 gxh5 32. Rf3 h4 33. Kg2 Rg1+
34. Kh2 Re8 0-1

[Event "DEM U12/U12w 2006"]
[Site "Willingen GER"]
[Date "2006.06.08"]
[Round "8"]
[White "Kaphle, Sebastian"]
[Black "Kropman, Alexei"]
[Result "1/2-1/2"]
[Termination "normal"]
[Board "3"]
[WhiteElo "2064"]
[BlackElo "1669"]
[PlyCount "50"]
[WhiteFideId "24626708"]
[BlackFideId "24670723"]
[EventCountry "GER"]
[EventRounds "11"]
[EventType "swiss"]
[EventDate "2006.06.03"]

1. e4 e6 2. d4 d5 3. e5 c5 4. c3 Qb6 5. Nf3 Nc6 6. a3 Bd7 7. b4 c4 8. a4 a5 9.
b5 Na7 10. Ba3 Ne7 11. Nbd2 Nac8 12. g3 Nf5 13. h4 Bxa3 14. Rxa3 Qc7 15. Bh3
Nfe7 16. Nf1 Nb6 17. Ne3 h6 18. Ra1 O-O-O 19. Kd2 Rdg8 20. Qc2 Rf8 21. Rag1 f5
22. Kc1 g6 23. Ne1 Rhg8 24. Kb1 Kb8 25. f4 h5 1/2-1/2

[Event "DEM U12/U12w 2006"]
[Site "Willingen GER"]
[Date "2006.06.08"]
[Round "8"]
[White "Dünzel, Jonas"]
[Black "Neumair, Jerome"]
[Result "0-1"]
[Termination "normal"]
[Board "4"]
[WhiteElo "1881"]
[BlackElo "1596"]
[PlyCount "70"]
[WhiteFideId "24631167"]
[BlackFideId "24672637"]
[EventCountry "GER"]
[EventRounds "11"]
[EventType "swiss"]
[EventDate "2006.06.03"]

1. e4 e6 2. d4 d5 3. Nd2 Nf6 4. e5 Nfd7 5. f4 c5 6. c3 Nc6 7. Ndf3 Qb6 8. Ne2
f6 9. a3 a5 10. b3 cxd4 11. cxd4 Be7 12. Qd3 O-O 13. Be3 Bxa3 14. Bd2 Bb4 15.
Nc3 Bxc3 16. Qxc3 fxe5 17. fxe5 Rxf3 18. gxf3 Qxd4 19. Qxd4 Nxd4 20. Rxa5 Rxa5
21. Bxa5 Nxf3+ 22. Kf2 Nfxe5 23. Bc3 Nc6 24. Bh3 Nc5 25. Kf3 Nxb3 26. Re1 Kf7
27. Rb1 Nc5 28. Rg1 g6 29. Bf1 d4 30. Bd2 e5 31. Ke2 Bf5 32. Ke1 d3 33. Rg3 e4
34. Be3 Ne6 35. Bh3 b5 0-1

[Event "DEM U12/U12w 2006"]
[Site "Willingen GER"]
[Date "2006.06.08"]
[Round "8"]
[White "Bräuer, Franz"]
[Black "Petkidis, Anthony"]
[Result "0-1"]
[Termination "normal"]
[Board "6"]
[WhiteElo "1878"]
[BlackElo "1585"]
[PlyCount "94"]
[WhiteFideId "24634468"]
[EventCountry "GER"]
[EventRounds "11"]
[EventType "swiss"]
[EventDate "2006.06.03"]

1. e4 c5 2. Nf3 e6 3. b3 a6 4. c4 Nc6 5. Nc3 Qc7 6. Bb2 Nf6 7. Be2 Be7 8. O-O
O-O 9. d4 cxd4 10. Nxd4 Bc5 11. Nxc6 dxc6 12. Kh1 e5 13. h3 Be6 14. Qc2 Rfd8
15. Bf3 Nd7 16. Rad1 Nf8 17. Kg1 Ng6 18. Rxd8+ Rxd8 19. Rd1 h6 20. Rd2 Nh4 21.
Be2 Qe7 22. Qd1 Bd4 23. Bf1 Qg5 24. Kh1 Rd6 25. Rd3 c5 26. Bc1 Qf6 27. f3 Kh7
28. Ne2 b5 29. Nxd4 cxd4 30. cxb5 axb5 31. Rd2 b4 32. Bd3 Bc8 33. Rc2 Ba6 34.
Bxa6 Rxa6 35. Qd2 Qd6 36. Rc4 Rc6 37. Qd3 Ng6 38. Bd2 Ra6 39. Bxb4 Qb6 40. a3
Nf4 41. Qd1 Qg6 42. Qd2 Qg3 43. Rc2 d3 44. Rc1 Nxh3 45. gxh3 Rg6 46. Rf1 Qxh3+
47. Qh2 Qxf1+ 0-1

[Event "DEM U12/U12w 2006"]
[Site "Willingen GER"]
[Date "2006.06.08"]
[Round "8"]
[White "Braun, Georg"]
[Black "Hampel, Felix"]
[Result "0-1"]
[Termination "normal"]
[Board "7"]
[WhiteElo "1774"]
[BlackElo "1549"]
[PlyCount "102"]
[WhiteFideId "24629383"]
[BlackFideId "24668125"]
[EventCountry "GER"]
[EventRounds "11"]
[EventType "swiss"]
[EventDate "2006.06.03"]

1. e4 c5 2. Nf3 e6 3. d4 cxd4 4. Nxd4 Bc5 5. Nb3 Bb6 6. Bd3 Ne7 7. Nc3 O-O 8.
O-O f5 9. Bg5 fxe4 10. Nxe4 d5 11. Ng3 h6 12. Bd2 Nbc6 13. Nh5 e5 14. c4 e4 15.
cxd5 Qxd5 16. Be2 Bf5 17. Bc3 Rf7 18. Qxd5 Nxd5 19. Bc4 Be6 20. Bxg7 Rxg7 21.
Bxd5 Bxd5 22. Nf6+ Kf7 23. Nxd5 Bd4 24. Nxd4 Nxd4 25. Rad1 Nf3+ 26. Kh1 Nh4 27.
Ne3 Ke6 28. Rd4 Ke5 29. Rd5+ Ke6 30. Rh5 Ng6 31. Rxh6 Rag8 32. Rh3 Nf4 33. Rg3
Rxg3 34. fxg3 Ne2 35. Re1 Rc8 36. Nf1 Rc2 37. Rb1 Nd4 38. h4 Nf5 39. Kg1 Ke5
40. h5 a6 41. g4 Nh4 42. g5 Rxg2+ 43. Kh1 Rxg5 44. Rc1 Kf4 45. h6 Nf3 46. Nh2
Rh5 47. Rc2 Rxh6 48. b4 Rxh2+ 49. Rxh2 Nxh2 50. Kxh2 Kf3 51. Kg1 Ke2 0-1

[Event "DEM U12/U12w 2006"]
[Site "Willingen GER"]
[Date "2006.06.08"]
[Round "8"]
[White "Wittke, Rene"]
[Black "Mirke, Roy"]
[Result "1-0"]
[Termination "normal"]
[Board "8"]
[WhiteElo "1687"]
[BlackElo "1557"]
[PlyCount "93"]
[WhiteFideId "24640255"]
[BlackFideId "24647306"]
[EventCountry "GER"]
[EventRounds "11"]
[EventType "swiss"]
[EventDate "2006.06.03"]

1. e4 c5 2. Nc3 Nc6 3. g3 e6 4. Bg2 a6 5. d3 Qc7 6. Be3 Nf6 7. h3 Be7 8. f4 d6
9. Nf3 Bd7 10. O-O Rc8 11. g4 O-O 12. Nh2 Nd4 13. h4 b5 14. g5 Ne8 15. h5 Qd8
16. Bh3 Rc7 17. Qd2 f5 18. Rae1 Bc6 19. exf5 Nxf5 20. Qf2 Bb7 21. Bd2 Bc8 22.
Nf3 Bd7 23. Ne4 d5 24. Ng3 Nd4 25. Nxd4 cxd4 26. Ba5 Bxg5 27. Qxd4 Bf6 28. Qe3
Qc8 29. Bxc7 Nxc7 30. c3 Qb7 31. d4 Qc6 32. Rf2 Qc4 33. b3 Qc6 34. Rg2 Kh8 35.
h6 g6 36. Kh2 Qd6 37. Reg1 Qe7 38. Qf3 Be8 39. Ne2 Rg8 40. f5 exf5 41. Bxf5
Qd6+ 42. Kh1 Rf8 43. Qg4 Bf7 44. Bd3 Qe7 45. Nf4 Qe3 46. Re2 Qxe2 47. Bxe2 1-0

[Event "DEM U12/U12w 2006"]
[Site "Willingen GER"]
[Date "2006.06.08"]
[Round "8"]
[White "Kreiter, Thomas"]
[Black "Friedrich, Wiede"]
[Result "1-0"]
[Termination "normal"]
[Board "9"]
[WhiteElo "1561"]
[BlackElo "1933"]
[PlyCount "95"]
[WhiteFideId "24645591"]
[BlackFideId "24629537"]
[EventCountry "GER"]
[EventRounds "11"]
[EventType "swiss"]
[EventDate "2006.06.03"]

1. e4 c5 2. Nf3 d6 3. d4 cxd4 4. Qxd4 Bd7 5. c4 Nf6 6. Nc3 Nc6 7. Qd1 g6 8. Be2
Bg7 9. O-O O-O 10. h3 Rc8 11. Be3 Na5 12. Nd2 Be6 13. b3 a6 14. a4 Nd7 15. Rc1
Nc6 16. Nd5 Bxd5 17. exd5 Nb4 18. Ne4 Nf6 19. Nxf6+ Bxf6 20. Bg4 Rb8 21. Qd2 a5
22. Bd4 Bxd4 23. Qxd4 Na6 24. Rfe1 Nc5 25. Re3 b6 26. Rce1 Re8 27. h4 Nd7 28.
f4 Nf6 29. Bh3 Qc7 30. f5 Qc5 31. Qd3 Kg7 32. Kh2 Qc7 33. g4 Qd8 34. g5 Nd7 35.
f6+ Kg8 36. Bxd7 Qxd7 37. Rxe7 Rxe7 38. Rxe7 Qd8 39. Qh3 Qf8 40. Qd7 Rd8 41.
Qc6 h6 42. Qxb6 Rb8 43. Qxd6 Rxb3 44. Qe5 Kh7 45. d6 Qb8 46. Rxf7+ Kg8 47. Rg7+
Kh8 48. Rh7+ 1-0

[Event "DEM U12/U12w 2006"]
[Site "Willingen GER"]
[Date "2006.06.08"]
[Round "8"]
[White "Risius, Philipp"]
[Black "Zier, Oliver"]
[Result "1/2-1/2"]
[Termination "normal"]
[Board "10"]
[WhiteElo "1557"]
[BlackElo "1823"]
[PlyCount "92"]
[WhiteFideId "24630330"]
[BlackFideId "24631906"]
[EventCountry "GER"]
[EventRounds "11"]
[EventType "swiss"]
[EventDate "2006.06.03"]

1. e4 c5 2. Nf3 e6 3. d4 cxd4 4. Nxd4 Nf6 5. Nc3 Nc6 6. Ndb5 Bb4 7. a3 Bxc3+ 8.
Nxc3 O-O 9. Bd3 d5 10. O-O dxe4 11. Nxe4 Nxe4 12. Bxe4 Qh4 13. Qf3 Nd4 14. Qe3
e5 15. c3 Nb3 16. Rb1 Rb8 17. Bc2 Nxc1 18. Rbxc1 b6 19. Qxe5 Bb7 20. Qg3 Qc4
21. Qd3 Qh4 22. Qg3 Qc4 23. Qh3 g6 24. b3 Qc6 25. Bd1 Qd6 26. b4 Rfe8 27. Bf3
Ba6 28. Rfd1 Qe5 29. Bc6 Re7 30. Qg3 Qxg3 31. fxg3 Rc8 32. b5 Bb7 33. Bxb7 Rxb7
34. c4 Rbc7 35. Rd4 Rc5 36. a4 a6 37. bxa6 Ra5 38. Rd6 Rxa6 39. c5 Rxa4 40.
Rxb6 Kf8 41. c6 Ra7 42. Rb2 Ke8 43. Kf2 Re7 44. Kf3 f6 45. Rd2 Re6 46. c7 Re7
1/2-1/2

[Event "DEM U12/U12w 2006"]
[Site "Willingen GER"]
[Date "2006.06.08"]
[Round "8"]
[White "Schindlbeck, Tobias"]
[Black "Wendling, Florian"]
[Result "1/2-1/2"]
[Termination "normal"]
[Board "11"]
[WhiteElo "1551"]
[BlackElo "1628"]
[PlyCount "80"]
[WhiteFideId "24615510"]
[BlackFideId "24640212"]
[EventCountry "GER"]
[EventRounds "11"]
[EventType "swiss"]
[EventDate "2006.06.03"]

1. d4 d5 2. c4 c6 3. Nc3 Nf6 4. Nf3 a6 5. e3 e6 6. Bd2 Nbd7 7. cxd5 exd5 8. Bd3
Bd6 9. O-O O-O 10. e4 dxe4 11. Nxe4 Nxe4 12. Bxe4 Re8 13. Bd3 Nf8 14. h3 h6 15.
Qb3 Qf6 16. Rac1 Re7 17. a3 Be6 18. Qd1 Bd5 19. Bc3 Ng6 20. Re1 Rae8 21. Rxe7
Rxe7 22. Bxg6 Qxg6 23. b4 Bf4 24. Ra1 Re4 25. Qd3 f5 26. Re1 Kh8 27. Rxe4 fxe4
28. Qb1 Qf6 29. Ne5 Qg5 30. h4 Qh5 31. g4 Qe8 32. h5 Bxe5 33. dxe5 Qf7 34. Qd1
Kg8 35. Bd4 Qe6 36. Kh2 Kf8 37. Bc5+ Ke8 38. Bd6 Kf7 39. Kg3 g6 40. Qd2 g5
1/2-1/2

[Event "DEM U12/U12w 2006"]
[Site "Willingen GER"]
[Date "2006.06.08"]
[Round "8"]
[White "Mons, Leon"]
[Black "Titgemeyer, Sven"]
[Result "1/2-1/2"]
[Termination "normal"]
[Board "12"]
[WhiteElo "1588"]
[BlackElo "1557"]
[PlyCount "59"]
[WhiteFideId "4614950"]
[BlackFideId "24676934"]
[EventCountry "GER"]
[EventRounds "11"]
[EventType "swiss"]
[EventDate "2006.06.03"]

1. e4 e5 2. Nf3 Nc6 3. Bb5 a6 4. Bxc6 dxc6 5. O-O Bg4 6. h3 h5 7. d3 Qf6 8.
Nbd2 Ne7 9. Nc4 Bxf3 10. Qxf3 Qe6 11. Qg3 f6 12. f4 b5 13. f5 Qf7 14. Na5 O-O-O
15. Be3 Rg8 16. a4 g6 17. axb5 gxf5 18. Qf2 f4 19. Bxf4 exf4 20. bxa6 Kb8 21.
Qxf4 Qg6 22. Rf2 Rc8 23. Qxf6 Qxf6 24. Rxf6 Rg5 25. Nxc6+ Nxc6 26. Rxc6 Bc5+
27. Kh1 Rcg8 28. c3 Bb6 29. d4 Rxg2 30. b4 1/2-1/2

[Event "DEM U12/U12w 2006"]
[Site "Willingen GER"]
[Date "2006.06.08"]
[Round "8"]
[White "Ma, Beini"]
[Black "Davydov, Ruven"]
[Result "0-1"]
[Termination "normal"]
[Board "13"]
[WhiteElo "1960"]
[BlackElo "1532"]
[PlyCount "112"]
[WhiteFideId "24630101"]
[BlackFideId "24666068"]
[EventCountry "GER"]
[EventRounds "11"]
[EventType "swiss"]
[EventDate "2006.06.03"]

1. e4 c5 2. Nf3 e6 3. d4 cxd4 4. Nxd4 a6 5. c4 Qc7 6. Nc3 Nf6 7. Be2 Be7 8. O-O
d6 9. Be3 Nbd7 10. f3 O-O 11. Qd2 b6 12. Rac1 Bb7 13. b4 Rfe8 14. Nb3 d5 15.
cxd5 Bxb4 16. Qd4 Qd6 17. f4 Rac8 18. e5 Bxc3 19. Rxc3 Qxd5 20. Bf3 Qxd4 21.
Bxd4 Bxf3 22. exf6 Bd5 23. fxg7 Rxc3 24. Bxc3 f6 25. Rc1 Bxb3 26. axb3 Kxg7 27.
Bd4 Kf7 28. Rc7 Ke7 29. Bxb6 Rb8 30. Bc5+ Ke8 31. Bd6 Rb6 32. Ra7 Rxd6 33. Ra8+
Ke7 34. Kf2 Rb6 35. h4 f5 36. g3 Rc6 37. Kg2 Nf6 38. Ra7+ Kd6 39. Rf7 Ne4 40.
Rxh7 Rc3 41. Rg7 Rxb3 42. h5 Rb8 43. Ra7 Rg8 44. Rxa6+ Ke7 45. h6 Rxg3+ 46. Kh2
Rg8 47. h7 Rh8 48. Ra7+ Kf6 49. Kg2 Nd6 50. Kf3 Nf7 51. Ra6 Rxh7 52. Kg3 Rg7+
53. Kf3 Rg4 54. Rb6 Nh8 55. Ra6 Ng6 56. Ra4 Rxf4+ 0-1

[Event "DEM U12/U12w 2006"]
[Site "Willingen GER"]
[Date "2006.06.08"]
[Round "8"]
[White "Kotainy, Jens"]
[Black "Marquardt, Patrick"]
[Result "1-0"]
[Termination "normal"]
[Board "14"]
[WhiteElo "1835"]
[BlackElo "1505"]
[PlyCount "111"]
[WhiteFideId "24670499"]
[BlackFideId "4670086"]
[EventCountry "GER"]
[EventRounds "11"]
[EventType "swiss"]
[EventDate "2006.06.03"]

1. e4 c5 2. c3 d5 3. exd5 Qxd5 4. d4 Nf6 5. Nf3 Bg4 6. Be2 e6 7. h3 Bh5 8. O-O
Nc6 9. Be3 cxd4 10. cxd4 Be7 11. Nc3 Qd6 12. Qb3 O-O 13. Nb5 Qd7 14. Rfd1 Bxf3
15. Bxf3 Rfd8 16. Rac1 Rac8 17. d5 exd5 18. Nxa7 Nxa7 19. Bxa7 Rc6 20. Bd4 Kh8
21. Rc3 Rxc3 22. Bxc3 Qc7 23. Bxd5 Nxd5 24. Rxd5 Rxd5 25. Qxd5 Bd6 26. g3 h6
27. Kg2 Qe7 28. a3 Qc7 29. Ba5 Qe7 30. Bb6 Kg8 31. b4 g6 32. Bd4 Qc7 33. Bb2
Kf8 34. Qd2 h5 35. Qh6+ Ke8 36. Qh8+ Ke7 37. Qf6+ Ke8 38. Qc3 Qd7 39. Qe3+ Kf8
40. Bf6 Qc6+ 41. Qf3 Qd7 42. Qd5 Qc7 43. Kf3 Ke8 44. Qb5+ Kf8 45. Bd4 Ke7 46.
Bc5 f6 47. Ke4 Qc8 48. Bxd6+ Kxd6 49. Qd5+ Ke7 50. Qc5+ Qxc5 51. bxc5 Ke6 52.
a4 g5 53. a5 f5+ 54. Kd4 h4 55. gxh4 gxh4 56. f4 1-0

[Event "DEM U12/U12w 2006"]
[Site "Willingen GER"]
[Date "2006.06.08"]
[Round "8"]
[White "Klek, Hanna Marie"]
[Black "Miller, Eduard"]
[Result "0-1"]
[Termination "normal"]
[Board "15"]
[WhiteElo "1668"]
[BlackElo "1525"]
[PlyCount "80"]
[WhiteFideId "24670057"]
[BlackFideId "24687022"]
[EventCountry "GER"]
[EventRounds "11"]
[EventType "swiss"]
[EventDate "2006.06.03"]

1. e4 c5 2. Nf3 d6 3. d4 cxd4 4. Nxd4 Nf6 5. Nc3 g6 6. Bc4 Bg7 7. f3 O-O 8. Be3
Nc6 9. Qd2 Bd7 10. O-O-O Qa5 11. Kb1 Rfc8 12. Bb3 Qc7 13. g4 Ne5 14. h4 b5 15.
h5 b4 16. Nd5 Nxd5 17. Bxd5 Rab8 18. hxg6 Nxg6 19. Nf5 Qc3 20. Qxc3 bxc3 21.
Rh2 Rxb2+ 22. Ka1 Be6 23. Bb3 Bxb3 24. axb3 Rxb3 25. cxb3 c2+ 26. Rd4 Bxd4+ 27.
Nxd4 c1=Q+ 28. Bxc1 Rxc1+ 29. Kb2 Rf1 30. Rh3 a6 31. Nc6 e6 32. b4 Ne5 33. Nxe5
dxe5 34. Rg3 Kg7 35. Kb3 Kg6 36. Kb2 Kg5 37. Rh3 Rf2+ 38. Kb1 h6 39. Rh5+ Kf4
40. Rxh6 Rxf3 0-1

[Event "DEM U12/U12w 2006"]
[Site "Willingen GER"]
[Date "2006.06.08"]
[Round "8"]
[White "Rosenkranz, Christian"]
[Black "Göbel, Constantin"]
[Result "1/2-1/2"]
[Termination "normal"]
[Board "16"]
[WhiteElo "1495"]
[BlackElo "1639"]
[PlyCount "57"]
[WhiteFideId "24674494"]
[BlackFideId "24647071"]
[EventCountry "GER"]
[EventRounds "11"]
[EventType "swiss"]
[EventDate "2006.06.03"]

1. e4 e6 2. b3 d5 3. Bb2 Nf6 4. e5 Nfd7 5. Nf3 c5 6. d3 Nc6 7. c4 d4 8. Qe2 Qc7
9. g3 Ndxe5 10. Bg2 Nxf3+ 11. Bxf3 Ne5 12. Bg2 Bd7 13. O-O Bc6 14. Bxc6+ Nxc6
15. Nd2 Be7 16. Nf3 O-O-O 17. a3 h5 18. Bc1 h4 19. Bd2 a6 20. Rfb1 Rdg8 21. b4
g5 22. b5 axb5 23. cxb5 Nd8 24. Rc1 g4 25. Nxd4 hxg3 26. fxg3 Qd6 27. Nb3 Qd5
28. Na5 Rh5 29. Nc4 1/2-1/2

[Event "DEM U12/U12w 2006"]
[Site "Willingen GER"]
[Date "2006.06.08"]
[Round "8"]
[White "Kusmierek, Kasper"]
[Black "Müller, Tobias"]
[Result "0-1"]
[Termination "normal"]
[Board "17"]
[WhiteElo "1475"]
[BlackElo "1620"]
[PlyCount "130"]
[BlackFideId "24643394"]
[EventCountry "GER"]
[EventRounds "11"]
[EventType "swiss"]
[EventDate "2006.06.03"]

1. e4 c5 2. c3 Nf6 3. e5 Nd5 4. d4 cxd4 5. cxd4 e6 6. Nf3 d6 7. Bc4 Nb6 8. Bd3
Bd7 9. Nc3 Bc6 10. O-O N8d7 11. Bf4 dxe5 12. dxe5 Nd5 13. Nxd5 Bxd5 14. Re1 Be7
15. Be4 Nb6 16. Nd2 O-O 17. Bxd5 Nxd5 18. Bg3 Rc8 19. Rc1 Rxc1 20. Qxc1 Bg5 21.
Qd1 Bxd2 22. Qxd2 Qb6 23. Rc1 Rd8 24. Bh4 Re8 25. b3 h6 26. h3 Qb5 27. g4 Qd7
28. g5 hxg5 29. Bxg5 Rc8 30. Rxc8+ Qxc8 31. Qd4 b6 32. Qg4 Qc3 33. Qg3 Qa1+ 34.
Kh2 Qxa2 35. Bf6 Nxf6 36. exf6 g6 37. h4 Qb2 38. Qf3 Kh7 39. Kg2 Qd4 40. Kh3
Qe5 41. Kg2 Qd5 42. Kg3 Qxf3+ 43. Kxf3 a5 44. Ke4 b5 45. Kd3 a4 46. b4 Kh6 47.
Kd4 Kh5 48. Kc5 a3 49. Kd6 a2 50. Ke7 a1=Q 51. Kxf7 Qa7+ 52. Kg8 Qxf2 53. f7
Kxh4 54. f8=Q Qxf8+ 55. Kxf8 g5 56. Ke7 g4 57. Kd6 g3 58. Kc5 g2 59. Kxb5 g1=Q
60. Ka6 e5 61. b5 e4 62. b6 Qxb6+ 63. Kxb6 e3 64. Kc5 e2 65. Kd4 e1=Q 0-1

[Event "DEM U12/U12w 2006"]
[Site "Willingen GER"]
[Date "2006.06.08"]
[Round "8"]
[White "Pfeiffer, Daniel"]
[Black "Stark, Saskia"]
[Result "1-0"]
[Termination "normal"]
[Board "18"]
[WhiteElo "1606"]
[BlackElo "1484"]
[PlyCount "97"]
[WhiteFideId "24641960"]
[BlackFideId "4601050"]
[EventCountry "GER"]
[EventRounds "11"]
[EventType "swiss"]
[EventDate "2006.06.03"]

1. e4 c5 2. Nf3 Nc6 3. d4 cxd4 4. Nxd4 Nf6 5. Nc3 e5 6. Ndb5 d6 7. Nd5 Nxd5 8.
exd5 Nb8 9. c4 a6 10. Nc3 Be7 11. Be2 O-O 12. O-O f5 13. f4 Nd7 14. b4 Qb6+ 15.
Kh1 Qxb4 16. Na4 Qa5 17. Rb1 Qd8 18. Be3 g5 19. fxe5 Nxe5 20. Bb6 Qd7 21. Bd4
Qe8 22. c5 Ng6 23. Bh5 Bd7 24. Nb6 Rb8 25. Re1 Qd8 26. Nxd7 Qxd7 27. Bxg6 hxg6
28. Re6 Kh7 29. g4 dxc5 30. Be5 Rbd8 31. Rbb6 fxg4 32. Qb3 Rf1+ 33. Kg2 Rdf8
34. Rxb7 R8f2+ 35. Kg3 Rf3+ 36. Kxg4 Rxb3 37. Rxd7 Rg1+ 38. Bg3 Rb4+ 39. Kf3
Kg8 40. Rexe7 Rb8 41. Re1 Rf8+ 42. Kg4 Rg2 43. Ree7 Rc8 44. Rg7+ Kf8 45. Kh3
Rxa2 46. Bd6+ Ke8 47. Rde7+ Kf8 48. Rc7+ Ke8 49. Rxc8# 1-0

[Event "DEM U12/U12w 2006"]
[Site "Willingen GER"]
[Date "2006.06.08"]
[Round "8"]
[White "Grzeca, Pascal"]
[Black "Schulz, Anja"]
[Result "0-1"]
[Termination "normal"]
[Board "19"]
[WhiteElo "1359"]
[BlackElo "1585"]
[PlyCount "48"]
[WhiteFideId "24600741"]
[BlackFideId "24647845"]
[EventCountry "GER"]
[EventRounds "11"]
[EventType "swiss"]
[EventDate "2006.06.03"]

1. e4 c5 2. Nf3 Nc6 3. d4 cxd4 4. Nxd4 g6 5. c4 Bg7 6. Nc2 Nf6 7. Nc3 O-O 8.
Be2 d6 9. Bd2 Bd7 10. O-O Rc8 11. f4 a6 12. Rc1 Qc7 13. Ne3 e6 14. Be1 Ne7 15.
Bg3 Bc6 16. Bf3 Rfd8 17. f5 Qb6 18. Qe2 exf5 19. exf5 Nxf5 20. Bf2 Nd4 21. Qd1
Nxf3+ 22. gxf3 Qa5 23. f4 d5 24. c5 d4 0-1

[Event "DEM U12/U12w 2006"]
[Site "Willingen GER"]
[Date "2006.06.08"]
[Round "8"]
[White "Bading, Kenneth"]
[Black "Gerntke, Oliver"]
[Result "0-1"]
[Termination "normal"]
[Board "21"]
[WhiteElo "1553"]
[BlackElo "1352"]
[PlyCount "56"]
[BlackFideId "24647977"]
[EventCountry "GER"]
[EventRounds "11"]
[EventType "swiss"]
[EventDate "2006.06.03"]

1. e4 e6 2. d4 d5 3. exd5 exd5 4. Nf3 Nf6 5. Bg5 Be7 6. Bd3 Bg4 7. Nbd2 Nc6 8.
c3 Qd7 9. O-O O-O 10. Qc2 h6 11. Bh4 Rfe8 12. Rfe1 Nh5 13. Bxe7 Rxe7 14. h3 Be6
15. Ne5 Nxe5 16. Rxe5 Nf4 17. Rae1 Rae8 18. R5e3 Bxh3 19. gxh3 Nxh3+ 20. Kf1
Qg4 21. Qa4 Qg1+ 22. Ke2 Rxe3+ 23. Kd1 Rxe1+ 24. Kc2 Qxf2 25. Qxa7 Nf4 26. Bb5
c6 27. Bd3 Nxd3 28. Kxd3 Rd1 0-1

[Event "DEM U12/U12w 2006"]
[Site "Willingen GER"]
[Date "2006.06.08"]
[Round "8"]
[White "Weber, Max"]
[Black "Gisy, Roberto"]
[Result "0-1"]
[Termination "normal"]
[Board "22"]
[WhiteElo "1333"]
[BlackElo "1540"]
[PlyCount "60"]
[WhiteFideId "4624831"]
[EventCountry "GER"]
[EventRounds "11"]
[EventType "swiss"]
[EventDate "2006.06.03"]

1. e4 e5 2. Nf3 Nc6 3. d4 exd4 4. Nxd4 Qf6 5. c3 Bc5 6. Be3 Nge7 7. Be2 O-O 8.
O-O Qg6 9. Nxc6 Qxc6 10. Bxc5 Qxc5 11. Qd4 Qc6 12. Nd2 Ng6 13. f4 d6 14. Qc4
Qb6+ 15. Kh1 Qxb2 16. Nb3 Be6 17. Qd3 Bxb3 18. axb3 Nxf4 19. Qb1 Qxb1 20. Raxb1
Nxe2 21. Rf3 Rfe8 22. g3 Rxe4 23. Kg2 Rae8 24. Kf2 Nxg3 25. hxg3 Re2+ 26. Kf1
g6 27. Ra1 a6 28. b4 R2e3 29. Kf2 Re2+ 30. Kf1 R8e5 0-1

[Event "DEM U12/U12w 2006"]
[Site "Willingen GER"]
[Date "2006.06.08"]
[Round "8"]
[White "Schmitz, Stefan"]
[Black "Kügel, Tobias"]
[Result "1-0"]
[Termination "normal"]
[Board "23"]
[WhiteElo "1526"]
[BlackElo "1408"]
[PlyCount "33"]
[WhiteFideId "4625730"]
[BlackFideId "4636295"]
[EventCountry "GER"]
[EventRounds "11"]
[EventType "swiss"]
[EventDate "2006.06.03"]

1. e4 e5 2. Nf3 Nc6 3. Nc3 Nf6 4. d4 Bb4 5. Bg5 d6 6. a3 Bxc3+ 7. bxc3 Bg4 8.
Be2 Bxf3 9. Bxf3 h6 10. Bh4 Qe7 11. Rb1 O-O-O 12. Qd3 a6 13. Bg4+ Kb8 14. Qxa6
b6 15. Bxf6 gxf6 16. d5 Na5 17. Qxa5 1-0

[Event "DEM U12/U12w 2006"]
[Site "Willingen GER"]
[Date "2006.06.08"]
[Round "8"]
[White "Iwanziw, Niklas"]
[Black "Alber, Alexander"]
[Result "1-0"]
[Termination "normal"]
[Board "24"]
[WhiteElo "1515"]
[BlackElo "1398"]
[PlyCount "119"]
[WhiteFideId "24647101"]
[BlackFideId "4640039"]
[EventCountry "GER"]
[EventRounds "11"]
[EventType "swiss"]
[EventDate "2006.06.03"]

1. d4 Nf6 2. c4 e6 3. Nf3 b6 4. g3 Bb7 5. Bg2 Be7 6. O-O d6 7. Nc3 Nbd7 8. Re1
c5 9. e4 cxd4 10. Nxd4 e5 11. Nf5 O-O 12. Nxd6 Bc6 13. b4 Qc7 14. c5 bxc5 15.
Nf5 Rfe8 16. Nxe7+ Rxe7 17. Nd5 Nxd5 18. exd5 Bxd5 19. Bxd5 Rd8 20. bxc5 Nf6
21. Bxf7+ Kxf7 22. Qb3+ Kf8 23. Ba3 Qc6 24. Rad1 Rxd1 25. Qxd1 Kg8 26. Qd6 Qxd6
27. cxd6 Re6 28. Rc1 Re8 29. Rc7 Rd8 30. Rxa7 Ne8 31. Re7 Nxd6 32. Bxd6 Rxd6
33. Rxe5 Ra6 34. Re2 Kf7 35. Kg2 Rb6 36. a4 Kf6 37. a5 Rb8 38. Rc2 g6 39. Rc7
h5 40. a6 Ra8 41. a7 Ke6 42. Rb7 Kf6 43. h4 Ke6 44. Rb6+ Kf5 45. Rb5+ Kf6 46.
Ra5 Ke6 47. g4 hxg4 48. Kg3 Kf6 49. Kxg4 Ke6 50. Kg5 Kf7 51. Ra6 Ke7 52. Rxg6
Kf7 53. Ra6 Ke7 54. h5 Rg8+ 55. Rg6 Rh8 56. h6 Kf7 57. f4 Re8 58. f5 Rh8 59.
Rg7+ Kf8 60. a8=R# 1-0